000 00291 a2200085 4500
100 1 _aChusainov, C. I..
_eAutor
245 0 _aVysokocastotnye impul'snye stabilizatory postojannogo naprjazenija /
_cChusainov C. I..
710 2 _aEnergija.
_eWydawca
_4pbl
260 _aMoskva :
_bEnergija,
_c1980.
300 _a88 s.;
_c25 cm.
999 _c4207
_d4207